| 000 | 00383cam a2200169ua 4500 | ||
|---|---|---|---|
| 020 | _cRs.5.00 | ||
| 041 |
_amal _h |
||
| 082 |
_a321.3 _bSOR/MA |
||
| 100 | _aSorokkin, P.A . | ||
| 245 | _aManushia vamshatinte punarnirmanam | ||
| 260 |
_aCalicut : _bP.K Brothers , _c1964. |
||
| 300 | _a312 ; . | ||
| 365 | _aRs.5.00 | ||
| 504 | _a | ||
| 942 | _cBK | ||
| 999 |
_c557 _d557 |
||